Normal view
MARC view
Entry Término temático
001 - NÚMERO DE CONTROL
- campo de control: 30123
003 - IDENTIFICADOR DEL NÚMERO DE CONTROL
- campo de control: FranzMayer
005 - FECHA Y HORA DE LA ÚLTIMA TRANSACCIÓN
- campo de control: 20260324174244.0
008 - DATOS DE LONGITUD FIJA
- campo de control de longitud fija: 260324|| aca||aabn | a|a d
040 ## - FUENTE DE LA CATALOGACIÓN
- Centro catalogador/agencia de origen: FranzMayer
- Centro/agencia transcriptor: FranzMayer
150 ## - ENCABEZAMIENTO--TÉRMINO DE MATERIA
- Término de materia o nombre geográfico como elemento de entrada: Catholic church
- Subdivisión cronológica: Doctrines Early works to 1800
670 ## - FUENTE DE DATOS ENCONTRADOS
- Cita de la fuente: Work cat.: (FranzMayer)11106: Boneventure, Saint, Cardenal (1221-1274) 30122, Sancti Bonauēnture tractatus & librí plurimi /, 1489